[Event "4NCL Online Division 7"]
[Site "online"]
[Date "2021.02.23"]
[EventDate "2021.02.23"]
[Round "3.53"]
[White "Shah, Meeth"]
[WhiteElo "1780"]
[WhiteTeam "Londinium Centurions"]
[Black "Robertson, John"]
[BlackElo "1562"]
[BlackTeam "Dundee City C"]
[Result "1-0"]
[PlyCount "115"]

1. e4 e6 2. d4 c5 3. d5 exd5 4. exd5 d6 5. Nf3 Bg4 6. h3 Bh5 7. Bb5+ Nd7 8. O-O a6 9. Be2 h6 10. Bf4 Qb6 11. b3 Be7 12. Nbd2 g5 13. Bh2 Bg6 14. a4 Ngf6 15. Nc4 Qc7 16. Bd3 Bxd3 17. Qxd3 O-O 18. Ne3 Ne5 19. Nxe5 dxe5 20. Nf5 Rad8 21. Nxh6+ Kh8 22. c4 Nh7 23. Rfe1 f6 24. h4 Bd6 25. Qg6 gxh4 26. Re4 Rd7 27. Nf5 Rg8 28. Qh6 Bf8 29. Qxh4 Rg5 30. Qh3 Rg6 31. Rae1 Kg8 32. Nh4 Ng5 33. Qf5 Rh6 34. Rg4 Bg7 35. f4 Nh7 36. fxe5 fxe5 37. Bxe5 Qd8 38. Bxg7 Rxg7 39. Rxg7+ Kxg7 40. Qg4+ Kf7 41. Rf1+ Nf6 42. Qe6+ Kf8 43. Nf5 Rg6 44. Nd6 Kg7 45. Nf5+ Kh8 46. d6 Qg8 47. Qxg8+ Nxg8 48. Rd1 Nf6 49. d7 Nxd7 50. Rxd7 Rb6 51. Rd3 Re6 52. g4 Kh7 53. Kg2 Kg8 54. Kg3 Kf8 55. Kf4 Rg6 56. Rd8+ Kf7 57. Rd7+ Ke6 58. Rd6+ 1-0

[Event "4NCL Online Division 7"]
[Site "online"]
[Date "2021.02.23"]
[EventDate "2021.02.23"]
[Round "3.54"]
[White "Vijayakumar, Rishi"]
[WhiteElo "1002"]
[WhiteTeam "Dundee City C"]
[Black "Padovan, Rodolfo"]
[BlackElo "1765"]
[BlackTeam "Londinium Centurions"]
[Result "0-1"]
[PlyCount "116"]

1. d4 Nf6 2. c4 g6 3. g3 c6 4. Bg2 d5 5. cxd5 cxd5 6. Nc3 Bg7 7. Nf3 Ne4 8. O-O O-O 9. Qb3 Nc6 10. Qxd5 Nxc3 11. Qxd8 Nxe2+ 12. Kh1 Rxd8 13. d5 Ncd4 14. Be3 Nxf3 15. Bxf3 Nd4 16. Bg2 Bg4 17. f3 Bd7 18. Rac1 Rac8 19. Rfe1 Rxc1 20. Rxc1 Rc8 21. Rxc8+ Bxc8 22. b3 b6 23. f4 Nf5 24. Bd2 Bd4 25. Bf3 Ne3 26. Bb4 Bc5 27. Bc3 Bb7 28. b4 Bd6 29. Be5 Bxd5 30. Bxd5 Nxd5 31. Bxd6 exd6 32. a3 Ne3 33. b5 Nc4 34. a4 Nb2 35. Kg2 Nxa4 36. Kf3 Nc3 37. f5 Nxb5 38. Ke3 d5 39. f6 a5 40. Kd3 Kf8 41. g4 g5 42. Kc2 Ke8 43. Kb3 Kd7 44. Ka4 Nd4 45. h3 Ke6 46. Ka3 Kxf6 47. Ka4 Ke5 48. Ka3 Kf4 49. Kb2 Ke3 50. Kc3 b5 51. Kb2 Kd2 52. Ka1 Kc3 53. Ka2 b4 54. Ka1 b3 55. Kb1 b2 56. h4 Kb3 57. hxg5 Ne2 58. g6 Nc3# 0-1

[Event "4NCL Online Division 7"]
[Site "online"]
[Date "2021.02.23"]
[EventDate "2021.02.23"]
[Round "3.61"]
[White "Townsend, Ray P"]
[WhiteElo "1698"]
[WhiteTeam "Fossa Corieltauvorum"]
[Black "Robinson, Adam"]
[BlackElo "1993"]
[BlackTeam "Hackney Spice Boys"]
[Result "0-1"]
[PlyCount "74"]

1. f4 Nf6 2. Nf3 g6 3. e3 Bg7 4. Nc3 O-O 5. b3 d5 6. Bb2 c5 7. Ne2 Nc6 8. a3 Bg4 9. Ne5 d4 10. Nxg4 Nxg4 11. Ng3 dxe3 12. Bxg7 exd2+ 13. Qxd2 Qxd2+ 14. Kxd2 Kxg7 15. h3 Rad8+ 16. Ke2 Nd4+ 17. Ke1 Nxc2+ 18. Ke2 Nxa1 19. hxg4 Nxb3 20. Kf2 Rd2+ 21. Ke3 Rfd8 22. Ne4 Rc2 23. Be2 Nd4 24. Bd3 Ra2 25. Nxc5 b6 26. Ne4 Rxa3 27. Rd1 Nc2+ 28. Ke2 Nb4 29. Nf2 Nxd3 30. Nxd3 Raxd3 31. Rxd3 Rxd3 32. Kxd3 a5 33. Kc4 Kf6 34. g3 Ke6 35. Kd4 a4 36. Kc4 Kd6 37. Kb4 b5 0-1

[Event "4NCL Online Division 7"]
[Site "online"]
[Date "2021.02.23"]
[EventDate "2021.02.23"]
[Round "3.62"]
[White "Friel, Jamie"]
[WhiteElo "1720"]
[WhiteTeam "Hackney Spice Boys"]
[Black "Manger, John D"]
[BlackElo "1660"]
[BlackTeam "Fossa Corieltauvorum"]
[Result "1/2-1/2"]
[PlyCount "45"]

1. d4 d5 2. Bf4 Nf6 3. e3 a6 4. Nf3 Bf5 5. Bd3 Bxd3 6. cxd3 e6 7. O-O Bd6 8. Ne5 O-O 9. Nc3 Ne8 10. Bg3 f6 11. Nf3 Bxg3 12. hxg3 Nd7 13. Rc1 Rc8 14. Na4 Nd6 15. Nc5 Qe7 16. Re1 Nxc5 17. dxc5 Nf7 18. d4 Rfd8 19. b4 c6 20. a4 e5 21. Qb3 Qd7 22. Qb2 Re8 23. Rb1 1/2-1/2

[Event "4NCL Online Division 7"]
[Site "online"]
[Date "2021.02.23"]
[EventDate "2021.02.23"]
[Round "3.63"]
[White "Johnson, Andy G"]
[WhiteElo "1707"]
[WhiteTeam "Fossa Corieltauvorum"]
[Black "Corrigan, James"]
[BlackElo "1626"]
[BlackTeam "Hackney Spice Boys"]
[Result "0-1"]
[PlyCount "62"]

1. d4 Nf6 2. e3 c5 3. c3 g6 4. Nf3 Bg7 5. Bd3 O-O 6. Nbd2 Nc6 7. O-O d5 8. dxc5 e5 9. e4 Bg4 10. Qc2 Bxf3 11. Nxf3 dxe4 12. Bxe4 Nxe4 13. Qxe4 Qe7 14. b4 Rad8 15. Bb2 f5 16. Qc4+ Kh8 17. Rad1 Rd7 18. Rxd7 Qxd7 19. Qe2 Rd8 20. a3 a6 21. c4 e4 22. Bxg7+ Kxg7 23. Qb2+ Kg8 24. Ne5 Qd4 25. Qxd4 Nxd4 26. f4 Nc2 27. c6 bxc6 28. Nxc6 Rd2 29. Rf2 e3 30. Rf1 e2 31. c5 Rd1 0-1

[Event "4NCL Online Division 7"]
[Site "online"]
[Date "2021.02.23"]
[EventDate "2021.02.23"]
[Round "3.64"]
[White "Robinson, Joe"]
[WhiteElo "1488"]
[WhiteTeam "Hackney Spice Boys"]
[Black "Gray, Paul"]
[BlackElo "1608"]
[BlackTeam "Fossa Corieltauvorum"]
[Result "0-1"]
[PlyCount "96"]

1. d4 c6 2. Nc3 Qc7 3. Nf3 d6 4. e4 Nd7 5. Bf4 e5 6. Bg3 h6 7. h4 Be7 8. Be2 Ngf6 9. dxe5 dxe5 10. Nxe5 Nxe5 11. Qd4 Nfd7 12. O-O Bc5 13. Bxe5 Qxe5 14. Qxe5+ Nxe5 15. Rad1 O-O 16. Kh1 Be6 17. a3 Rfd8 18. Rxd8+ Rxd8 19. f4 Nc4 20. f5 Ne3 21. fxe6 Nxf1 22. exf7+ Kxf7 23. Bxf1 Bd4 24. Bc4+ Kf6 25. Kh2 Re8 26. Bd3 g5 27. Kg3 h5 28. Ne2 Bxb2 29. hxg5+ Kxg5 30. Kf3 Bxa3 31. Ng1 Rf8+ 32. Ke2 Bd6 33. Nf3+ Kf4 34. Kf2 Rg8 35. Bc4 Rg7 36. Bd3 a5 37. Nh4 Bc5+ 38. Kf1 a4 39. Nf5 Rd7 40. g3+ Ke5 41. Nh4 b5 42. Nf3+ Ke6 43. Ng5+ Ke7 44. e5 a3 45. e6 Rxd3 46. cxd3 a2 47. Ne4 Bd4 48. Ke2 a1=Q 0-1

[Event "4NCL Online Division 7"]
[Site "online"]
[Date "2021.02.23"]
[EventDate "2021.02.23"]
[Round "3.71"]
[White "Kapur, Gul"]
[WhiteElo "1466"]
[WhiteTeam "Enfield 2"]
[Black "Bucher, Goetz"]
[BlackElo "1969"]
[BlackTeam "Bearsden Grizzlies"]
[Result "0-1"]
[PlyCount "42"]

1. d4 Nf6 2. c4 e5 3. d5 Bc5 4. e3 d6 5. a3 a5 6. Nc3 Bf5 7. h3 Nbd7 8. Bd2 c6 9. dxc6 bxc6 10. f4 Ne4 11. h4 exf4 12. exf4 Bf2+ 13. Ke2 Bxg1 14. Kf3 Ndf6 15. Nxe4 Bg4+ 16. Kg3 Bxd1 17. Nxf6+ Qxf6 18. Rxd1 Bd4 19. Re1+ Kd7 20. b4 axb4 21. axb4 Ra3+ 0-1

[Event "4NCL Online Division 7"]
[Site "online"]
[Date "2021.02.23"]
[EventDate "2021.02.23"]
[Round "3.72"]
[White "Watt, David A"]
[WhiteElo "1921"]
[WhiteTeam "Bearsden Grizzlies"]
[Black "McWilliams, Mark"]
[BlackElo "1380"]
[BlackTeam "Enfield 2"]
[Result "1-0"]
[PlyCount "67"]

1. e4 e6 2. d3 d5 3. Nd2 c5 4. Ngf3 Nc6 5. g3 Nf6 6. Bg2 Be7 7. O-O O-O 8. Re1 d4 9. a4 Re8 10. Nc4 Bf8 11. Bg5 e5 12. Nfd2 h6 13. Bxf6 Qxf6 14. Rf1 Qg6 15. f4 exf4 16. Rxf4 Ne5 17. Nxe5 Rxe5 18. Nf3 Re8 19. Qf1 Bd6 20. Nh4 Qe6 21. Rf2 Bd7 22. b3 Be5 23. Re1 Re7 24. Nf5 Ree8 25. Qe2 g6 26. Nxh6+ Kg7 27. Nxf7 Rf8 28. Nxe5 Rxf2 29. Qxf2 Qxe5 30. Rf1 Re8 31. Qf7+ Kh6 32. Qxd7 Re7 33. Qg4 b6 34. Qf4+ 1-0

[Event "4NCL Online Division 7"]
[Site "online"]
[Date "2021.02.23"]
[EventDate "2021.02.23"]
[Round "3.73"]
[White "McHugh, Ralph"]
[WhiteElo "1311"]
[WhiteTeam "Enfield 2"]
[Black "Colston, Rob"]
[BlackElo "1874"]
[BlackTeam "Bearsden Grizzlies"]
[Result "0-1"]
[PlyCount "64"]

1. c4 e5 2. Nc3 Nf6 3. g3 d5 4. cxd5 Nxd5 5. Bg2 Nb6 6. b3 Be7 7. e4 Nc6 8. Nge2 O-O 9. O-O Qd3 10. Re1 Nb4 11. Rb1 Bg4 12. Bf1 Qd7 13. Ba3 Nd3 14. Bxe7 Qxe7 15. Qc2 Nxe1 16. Rxe1 Rad8 17. f4 f6 18. f5 Bxe2 19. Bxe2 Qc5+ 20. Kg2 c6 21. Qb2 Qd4 22. Rd1 Rd7 23. d3 Rfd8 24. Qd2 Nc8 25. Na4 Qxe4+ 26. dxe4 Rxd2 27. Rxd2 Rxd2 28. Kf1 Rxa2 29. h4 Nd6 30. Nc5 b6 31. Ne6 Rb2 32. Nd8 c5 0-1

[Event "4NCL Online Division 7"]
[Site "online"]
[Date "2021.02.23"]
[EventDate "2021.02.23"]
[Round "3.74"]
[White "Callison, S"]
[WhiteElo "1689"]
[WhiteTeam "Bearsden Grizzlies"]
[Black "March, Steven J"]
[BlackElo "1295"]
[BlackTeam "Enfield 2"]
[Result "1-0"]
[PlyCount "77"]

1. c4 Nf6 2. Nc3 c6 3. e4 e5 4. Nf3 d6 5. d3 Be7 6. g3 Bg4 7. Bg2 Qd7 8. O-O Bh3 9. d4 Bxg2 10. Kxg2 Ng4 11. h3 Nf6 12. d5 Na6 13. Qe2 cxd5 14. cxd5 Nc7 15. Nh4 g6 16. Bh6 Nh5 17. Qg4 Nf6 18. Qf3 Nh5 19. Qe3 Bxh4 20. gxh4 Rg8 21. Kh2 f5 22. f4 exf4 23. Bxf4 Qe7 24. Rae1 Kd7 25. e5 Nxf4 26. Qxf4 Rae8 27. e6+ Kc8 28. Qd4 Kb8 29. a4 h5 30. Rg1 Qd8 31. Rg5 Re7 32. Reg1 Reg7 33. Rxf5 Re7 34. Rf6 Qe8 35. Qe4 Ka8 36. Rgxg6 Reg7 37. Rxg7 Rxg7 38. Qf4 Qg8 39. Rf8+ 1-0

[Event "4NCL Online Division 7"]
[Site "online"]
[Date "2021.02.23"]
[EventDate "2021.02.23"]
[Round "3.81"]
[White "Beryozkin, Sergey"]
[WhiteElo "2056"]
[WhiteTeam "Dun Laoghaire"]
[Black "Carpenter, Martin"]
[BlackElo "2014"]
[BlackTeam "Eagle and Child"]
[Result "0-1"]
[PlyCount "48"]

1. e4 e6 2. d3 d5 3. Nd2 Nf6 4. g3 a5 5. Bg2 a4 6. Ngf3 a3 7. O-O Nc6 8. Re1 Be7 9. e5 Nd7 10. d4 axb2 11. Bxb2 Nb6 12. Nf1 Nc4 13. Bc3 Ra3 14. Bd2 Nxd2 15. N1xd2 Bb4 16. Nb1 Rxf3 17. Bxf3 Bxe1 18. Qxe1 Nxd4 19. Qd1 Nxf3+ 20. Qxf3 O-O 21. Nc3 f6 22. exf6 Rxf6 23. Qe2 Qf8 24. f4 Qc5+ 0-1

[Event "4NCL Online Division 7"]
[Site "online"]
[Date "2021.02.23"]
[EventDate "2021.02.23"]
[Round "3.82"]
[White "Bedi, Adam"]
[WhiteElo "1954"]
[WhiteTeam "Eagle and Child"]
[Black "O'Connell, David"]
[BlackElo "1810"]
[BlackTeam "Dun Laoghaire"]
[Result "1-0"]
[PlyCount "53"]

1. d4 d6 2. Nf3 Nd7 3. c4 Ngf6 4. Nc3 e5 5. e4 Be7 6. Be2 h6 7. O-O Nf8 8. h3 Ng6 9. Be3 c6 10. d5 c5 11. b4 b6 12. bxc5 dxc5 13. a4 O-O 14. Qc2 Ne8 15. Ra2 Nd6 16. Rfa1 f5 17. Bd3 fxe4 18. Nxe4 Bf5 19. a5 Bxe4 20. Bxe4 Nxe4 21. Qxe4 Qd6 22. axb6 Rfb8 23. bxa7 Rb6 24. Rb1 Rxb1+ 25. Qxb1 Nf8 26. Qb7 Qd8 27. Nxe5 1-0

[Event "4NCL Online Division 7"]
[Site "online"]
[Date "2021.02.23"]
[EventDate "2021.02.23"]
[Round "3.83"]
[White "Lohan, Martin"]
[WhiteElo "1802"]
[WhiteTeam "Dun Laoghaire"]
[Black "Giraud, Antoine"]
[BlackElo "1600"]
[BlackTeam "Eagle and Child"]
[Result "0-1"]
[PlyCount "174"]

1. Nf3 Nf6 2. g3 g6 3. Bg2 Bg7 4. O-O O-O 5. d3 d5 6. Nbd2 Nc6 7. Re1 e5 8. e4 d4 9. Nc4 Re8 10. a4 Qe7 11. c3 Bg4 12. h3 Bxf3 13. Qxf3 Rad8 14. Qd1 Nd7 15. h4 Nb6 16. Nxb6 axb6 17. Qb3 Na5 18. Qc2 Qe6 19. c4 c5 20. Kh2 Qg4 21. f3 Qe6 22. Bh3 Qe7 23. Bd2 Bf6 24. Bxa5 bxa5 25. Qf2 Rb8 26. Rf1 Qc7 27. Rae1 Re7 28. Qd2 Qb6 29. f4 exf4 30. Qxf4 Be5 31. Qd2 Qd6 32. Rf3 Qb6 33. Ref1 Qb3 34. Qf2 Rf8 35. Ra1 Rd8 36. Qd2 Kg7 37. Ra3 Qb6 38. Qc2 Rd6 39. Ra1 Rf6 40. Rxf6 Qxf6 41. Rf1 Qxh4 42. Qf2 Qg5 43. Re1 h5 44. Kg2 Rc7 45. Rf1 Qe7 46. Kh1 Rc6 47. Qg2 Qg5 48. g4 hxg4 49. Bxg4 Rd6 50. Bh3 Qh6 51. Rf3 Rf6 52. Rxf6 Bxf6 53. Qf1 Qe3 54. Bg2 Be5 55. Bh3 Qd2 56. Bg2 Qh6+ 57. Kg1 Bg3 58. Qf3 Qc1+ 59. Bf1 Qg5 60. Bg2 Bf4 61. e5 Be3+ 62. Kf1 Qxe5 63. Qxb7 Qg3 64. Qf3 Qxf3+ 65. Bxf3 f5 66. Kg2 Kf6 67. Kg3 g5 68. Bd1 Bd2 69. Kf3 Ke5 70. Kg3 Bb4 71. Kf3 Bd2 72. Kg3 g4 73. Be2 Kf6 74. Kh4 Be1+ 75. Kh5 g3 76. Bf3 Ke5 77. Kg5 Bf2 78. Bg2 Be3+ 79. Kh4 Kf4 80. b3 Bd2 81. Kh3 Be1 82. Bf1 Ke3 83. Kg2 f4 84. Kh3 f3 85. b4 g2 86. Bxg2 fxg2 87. Kxg2 Bxb4 0-1

[Event "4NCL Online Division 7"]
[Site "online"]
[Date "2021.02.23"]
[EventDate "2021.02.23"]
[Round "3.91"]
[White "Shepley, Julien M"]
[WhiteElo "1975"]
[WhiteTeam "Guildford Castles 2"]
[Black "Jones, Humphrey C N"]
[BlackElo "1631"]
[BlackTeam "Charlton Cobras B"]
[Result "1/2-1/2"]
[PlyCount "135"]

1. e4 e6 2. d4 d5 3. Nd2 h6 4. Bd3 Nf6 5. e5 Nfd7 6. Ne2 c5 7. c3 Nc6 8. Nf3 g5 9. h3 h5 10. Be3 cxd4 11. cxd4 Rg8 12. Qd2 g4 13. hxg4 hxg4 14. Nfg1 Bb4 15. Nc3 Ndxe5 16. dxe5 d4 17. Nge2 dxe3 18. Qxe3 Qa5 19. O-O-O Qxe5 20. Qxe5 Nxe5 21. Nb5 Ba5 22. Nd6+ Ke7 23. Bc2 Bb4 24. Ne4 Bd7 25. a3 Ba5 26. Rh5 Bc7 27. Nd4 Bc6 28. Nxc6+ bxc6 29. Nc5 Rad8 30. Bb3 Rxd1+ 31. Kxd1 Rd8+ 32. Kc2 Nd7 33. Ba4 Nxc5 34. Rxc5 Bb6 35. Rxc6 Bxf2 36. Rc7+ Kf6 37. Rc4 Kg5 38. Bc6 Rd4 39. Rxd4 Bxd4 40. b4 f5 41. Kd3 e5 42. a4 f4 43. Ke4 Kh4 44. b5 Kg3 45. Kd3 f3 46. gxf3 gxf3 47. a5 f2 48. Ke2 Kh2 49. Kf1 Kg3 50. b6 axb6 51. a6 b5 52. Bxb5 e4 53. Be2 e3 54. Bd3 Kf4 55. Be2 Ba7 56. Bd3 Bd4 57. Be2 Ke5 58. Bd3 Kd6 59. Be2 Kc6 60. Bd3 Kb6 61. Be2 Ka5 62. Bd3 Kb4 63. Be2 Kc3 64. Bb5 Kd2 65. Bc4 Kc3 66. Bb5 Kb4 67. Be2 Kc3 68. Bb5 1/2-1/2

[Event "4NCL Online Division 7"]
[Site "online"]
[Date "2021.02.23"]
[EventDate "2021.02.23"]
[Round "3.92"]
[White "Rogers, David M"]
[WhiteElo "1547"]
[WhiteTeam "Charlton Cobras B"]
[Black "Mellor, Jessica"]
[BlackElo "1809"]
[BlackTeam "Guildford Castles 2"]
[Result "1/2-1/2"]
[PlyCount "113"]

1. c4 e5 2. g3 Nf6 3. Bg2 c6 4. d4 e4 5. Nc3 d5 6. cxd5 cxd5 7. Bg5 Bb4 8. Rc1 Nc6 9. Nh3 Bxh3 10. Bxh3 h6 11. Bxf6 Qxf6 12. e3 Qd6 13. O-O Bxc3 14. bxc3 b5 15. a4 a6 16. Rb1 Rb8 17. axb5 axb5 18. Qe2 b4 19. Qa6 b3 20. c4 O-O 21. cxd5 Qxd5 22. Rfc1 Nb4 23. Qa3 Nd3 24. Rc3 b2 25. Bf1 Ra8 26. Qb3 Qxb3 27. Rxb3 Rfb8 28. Rxb8+ Rxb8 29. Bxd3 exd3 30. Kf1 Kf8 31. Ke1 Ke7 32. Kd2 Rb3 33. e4 Kd6 34. f3 g6 35. d5 f5 36. Ke3 fxe4 37. fxe4 Ke5 38. h3 d2+ 39. Kxd2 Kxe4 40. d6 Rd3+ 41. Ke2 Rxg3 42. d7 Rd3 43. Rxb2 Rxd7 44. Rb8 Re7 45. Rh8 h5 46. Rg8 Re6 47. Kf2 Rf6+ 48. Kg3 Kf5 49. Kh4 Kf4 50. Rb8 Ke5 51. Rb5+ Ke6 52. Rb6+ Kf7 53. Rb7+ Kg8 54. Kg5 Re6 55. Rb8+ Kf7 56. Rb7+ Kf8 57. Rb8+ 1/2-1/2

[Event "4NCL Online Division 7"]
[Site "online"]
[Date "2021.02.23"]
[EventDate "2021.02.23"]
[Round "3.93"]
[White "Rapacci, Pascoe"]
[WhiteElo "1760"]
[WhiteTeam "Guildford Castles 2"]
[Black "Stebbings, Robert J"]
[BlackElo "1598"]
[BlackTeam "Charlton Cobras B"]
[Result "1-0"]
[PlyCount "107"]

1. e4 c5 2. d4 cxd4 3. c3 d3 4. Bxd3 d6 5. c4 g6 6. Nc3 Bg7 7. Nf3 Nf6 8. O-O O-O 9. Bg5 Nbd7 10. Rc1 b6 11. Bb1 Bb7 12. b3 Rc8 13. Nd5 h6 14. Be3 Nxd5 15. exd5 Nf6 16. h3 a6 17. Qd2 Kh7 18. Nd4 b5 19. f4 bxc4 20. bxc4 a5 21. f5 g5 22. Qd3 Rh8 23. Qd2 Ba6 24. Nc6 Rxc6 25. dxc6 Qc7 26. Bd3 Qxc6 27. Qxa5 Bb7 28. Qd2 Ra8 29. Rb1 Ra3 30. Rb3 Ra4 31. Rfb1 Ba8 32. Rb6 Qc7 33. Qc2 Ra5 34. Qd2 Ra3 35. R1b3 Ra4 36. Qc2 Ra5 37. R3b5 Ra3 38. Bc1 Ra7 39. a4 Bc6 40. Rb4 Bxa4 41. Qe2 Bc6 42. Be3 Ra1+ 43. Rb1 Ra3 44. Rb8 Ne4 45. f6 exf6 46. Bd4 f5 47. Bxg7 Kxg7 48. Qb2+ f6 49. Qxa3 Qe7 50. Qa6 Nc3 51. R1b7 Bxb7 52. Rxb7 Qxb7 53. Qxb7+ Kg6 54. Qd7 1-0

[Event "4NCL Online Division 7"]
[Site "online"]
[Date "2021.02.23"]
[EventDate "2021.02.23"]
[Round "3.94"]
[White "Bazan, Mateusz"]
[WhiteElo "1595"]
[WhiteTeam "Charlton Cobras B"]
[Black "Driver, Nicholas P"]
[BlackElo "1750"]
[BlackTeam "Guildford Castles 2"]
[Result "1/2-1/2"]
[PlyCount "99"]

1. d4 Nf6 2. c4 e6 3. Nc3 d5 4. Bg5 Be7 5. cxd5 exd5 6. g3 c6 7. Bg2 Nbd7 8. Nf3 O-O 9. O-O Re8 10. a3 h6 11. Bd2 b6 12. b4 Bb7 13. e3 a6 14. Ne2 Ne4 15. Bc3 c5 16. dxc5 bxc5 17. bxc5 Nxc3 18. Nxc3 Nxc5 19. Ne1 Bf6 20. Rc1 Ne4 21. Nxe4 dxe4 22. Nc2 Qe7 23. Qe2 a5 24. Rfd1 Ba6 25. Qe1 Bb2 26. Rb1 Bxa3 27. Nxa3 Qxa3 28. Ra1 Qb4 29. Rxa5 Qxe1+ 30. Rxe1 Bd3 31. Rea1 Rxa5 32. Rxa5 Rb8 33. Ra1 f5 34. Bf1 Kf7 35. Rd1 Rb3 36. h3 Ke6 37. g4 fxg4 38. hxg4 Bxf1 39. Kxf1 Rb2 40. Kg2 Ke5 41. Kg3 g6 42. Rh1 Rb6 43. Rxh6 Rf6 44. Rh8 Rf3+ 45. Kg2 Rf6 46. Re8+ Kd5 47. Rd8+ Ke5 48. Re8+ Kd5 49. Rd8+ Ke5 50. Re8+ 1/2-1/2

[Event "4NCL Online Division 7"]
[Site "online"]
[Date "2021.02.23"]
[EventDate "2021.02.23"]
[Round "3.101"]
[White "Bush, Ian"]
[WhiteElo "1782"]
[WhiteTeam "Oxford 4"]
[Black "Oyvat, Cem"]
[BlackElo "1732"]
[BlackTeam "Catford Cosmonauts 4"]
[Result "1-0"]
[PlyCount "33"]

1. e4 c5 2. d4 cxd4 3. c3 dxc3 4. Nxc3 e6 5. Nf3 Nc6 6. Bc4 Qc7 7. O-O Nf6 8. Nb5 Qb8 9. e5 Nxe5 10. Nxe5 Qxe5 11. Re1 Qc5 12. Bf1 a6 13. Be3 Qe5 14. Bb6 Qxe1 15. Nc7+ Ke7 16. Qxe1 Rb8 17. Ba7 1-0

[Event "4NCL Online Division 7"]
[Site "online"]
[Date "2021.02.23"]
[EventDate "2021.02.23"]
[Round "3.102"]
[White "Barber, James R"]
[WhiteElo "1307"]
[WhiteTeam "Catford Cosmonauts 4"]
[Black "Cole, Graham"]
[BlackElo "1802"]
[BlackTeam "Oxford 4"]
[Result "1-0"]
[PlyCount "77"]

1. e4 c5 2. Nf3 d6 3. g3 Nc6 4. d3 g6 5. Bg2 Bg7 6. c3 Nf6 7. Nbd2 O-O 8. O-O Rb8 9. Re1 Qc7 10. a4 a6 11. Qc2 Bd7 12. Nc4 b5 13. axb5 axb5 14. Ne3 b4 15. Bd2 Rfc8 16. d4 bxc3 17. bxc3 cxd4 18. cxd4 Nd8 19. Qxc7 Rxc7 20. e5 dxe5 21. Nxe5 Ne6 22. Red1 Rcc8 23. d5 Nc5 24. Nxd7 Nfxd7 25. Ra7 Kf8 26. Ng4 h5 27. Ne3 Ke8 28. Bf1 Ne5 29. Bg2 Ned3 30. d6 exd6 31. Bd5 Nd7 32. Nc4 Bf8 33. Ba5 N3c5 34. Re1+ Ne6 35. Bxe6 fxe6 36. Rxe6+ Kf7 37. Re3 Rd8 38. Bxd8 Rxd8 39. Nb6 1-0

[Event "4NCL Online Division 7"]
[Site "online"]
[Date "2021.02.23"]
[EventDate "2021.02.23"]
[Round "3.103"]
[White "Evans, Christopher J"]
[WhiteElo "1820"]
[WhiteTeam "Oxford 4"]
[Black "Hunt, Iain"]
[BlackElo "1232"]
[BlackTeam "Catford Cosmonauts 4"]
[Result "1-0"]
[PlyCount "45"]

1. e4 d6 2. d4 Nf6 3. Nc3 g6 4. Be2 Bg7 5. Be3 O-O 6. g4 c6 7. g5 Ne8 8. h4 Be6 9. h5 Qd7 10. f4 b5 11. Qd2 Bg4 12. hxg6 fxg6 13. f5 Bxe2 14. Qxe2 Na6 15. Qh2 Rf7 16. Qxh7+ Kf8 17. fxg6 Nf6 18. gxf6 Rxf6 19. Bh6 e6 20. Bxg7+ Qxg7 21. Qh8+ Qg8 22. Qxf6+ Ke8 23. Rh8 1-0

[Event "4NCL Online Division 7"]
[Site "online"]
[Date "2021.02.23"]
[EventDate "2021.02.23"]
[Round "3.104"]
[White "Meah, Mijanoor"]
[WhiteElo "1100"]
[WhiteTeam "Catford Cosmonauts 4"]
[Black "Hameed, Asif"]
[BlackElo "1773"]
[BlackTeam "Oxford 4"]
[Result "0-1"]
[PlyCount "70"]

1. e4 d5 2. Nc3 dxe4 3. Nxe4 Bf5 4. Nc5 Qd5 5. b4 Qe5+ 6. Qe2 Qxa1 7. Kd1 Nd7 8. g4 Bxc2+ 9. Kxc2 Qxa2+ 10. Kd1 Nxc5 11. bxc5 O-O-O 12. Bg2 Nf6 13. g5 Nd5 14. Bxd5 Qxd5 15. Nf3 e6 16. Ne5 Qxh1+ 17. Kc2 Rd4 18. Nxf7 Qc6 19. Bb2 Bxc5 20. Bxd4 Bxd4+ 21. Kd3 Qb5+ 22. Kxd4 Qxe2 23. Nxh8 e5+ 24. Kd5 c6+ 25. Kd6 e4 26. Nf7 Qxf2 27. Ne5 Qxd2+ 28. Ke6 Qd5+ 29. Kf5 e3 30. Kf4 e2 31. Nf3 Kd7 32. Ke3 Qe6+ 33. Kf2 a5 34. Nd4 e1=Q+ 35. Kf3 Q6e4# 0-1

[Event "4NCL Online Division 7"]
[Site "online"]
[Date "2021.02.23"]
[EventDate "2021.02.23"]
[Round "3.111"]
[White "Badacsonyi, Frankie"]
[WhiteElo "1675"]
[WhiteTeam "MHJ Bishops"]
[Black "Perry, Marcus"]
[BlackElo "1500"]
[BlackTeam "Aberystwyth University 2"]
[Result "0-1"]
[PlyCount "80"]

1. d4 d5 2. Nc3 Nf6 3. Bg5 e6 4. e4 h6 5. Bxf6 Qxf6 6. exd5 Bb4 7. dxe6 Qxe6+ 8. Qe2 O-O 9. Qxe6 Bxe6 10. Ne2 Nd7 11. O-O-O Rad8 12. g3 Rfe8 13. a3 Ba5 14. h3 Nf6 15. Bg2 c6 16. Rhe1 Bf5 17. g4 Bh7 18. b4 Bb6 19. Na4 Bxd4 20. Nxd4 Rxe1 21. Rxe1 Rxd4 22. Re7 Rc4 23. Rxb7 Bxc2 24. Nb2 Rf4 25. Bxc6 Rxf2 26. Rxa7 Bg6 27. b5 Rc2+ 28. Kd1 Rxb2 29. a4 Be4 30. Bxe4 Nxe4 31. Ra8+ Kh7 32. Rb8 Nc3+ 33. Kc1 Nxa4 34. Ra8 Rb4 35. Kc2 Nc5 36. Rb8 Ne4 37. b6 f6 38. Kd3 Nf2+ 39. Kc3 Rb1 40. Kc2 Rb5 0-1

[Event "4NCL Online Division 7"]
[Site "online"]
[Date "2021.02.23"]
[EventDate "2021.02.23"]
[Round "3.112"]
[White "Fox, Harry"]
[WhiteElo "1500"]
[WhiteTeam "Aberystwyth University 2"]
[Black "Bevan, Andrei"]
[BlackElo "1352"]
[BlackTeam "MHJ Bishops"]
[Result "0-1"]
[PlyCount "70"]

1. d4 Nf6 2. Bg5 d5 3. Bxf6 exf6 4. e3 c6 5. Nf3 Bd6 6. c4 dxc4 7. Bxc4 Bg4 8. Nbd2 O-O 9. O-O Nd7 10. Qb3 Nb6 11. Bd3 Re8 12. a4 Qc7 13. Bc4 Nxc4 14. Qxc4 c5 15. dxc5 Qxc5 16. Qxc5 Bxc5 17. Rac1 Bb4 18. Rc4 Bxd2 19. Nxd2 Be2 20. Rc7 Bxf1 21. Kxf1 b6 22. Ke2 Rec8 23. Rd7 Rc2 24. b3 Rac8 25. Ke1 R2c7 26. Rd5 Kf8 27. Nc4 Ke7 28. g3 Ke6 29. Rd6+ Ke7 30. Rd4 Rc6 31. h4 Rd8 32. Re4+ Re6 33. Rg4 g6 34. Ke2 f5 35. Rg5 h6 0-1

[Event "4NCL Online Division 7"]
[Site "online"]
[Date "2021.02.23"]
[EventDate "2021.02.23"]
[Round "3.113"]
[White "Bhattacharya, Cali"]
[WhiteElo "1315"]
[WhiteTeam "MHJ Bishops"]
[Black "Judge, Kieran"]
[BlackElo "1300"]
[BlackTeam "Aberystwyth University 2"]
[Result "0-1"]
[PlyCount "124"]

1. e4 c6 2. d4 d5 3. e5 Bf5 4. h4 h5 5. Nc3 e6 6. Bd3 Bxd3 7. Qxd3 c5 8. Nf3 Nc6 9. Bf4 Qb6 10. O-O-O Nge7 11. Na4 Qc7 12. Nxc5 Nf5 13. Nb3 a6 14. Ng5 Nb4 15. Qd2 Be7 16. a3 Nc6 17. f3 Rc8 18. c3 Qb6 19. Kc2 a5 20. g4 a4 21. Nc5 Bxc5 22. dxc5 Qb3+ 23. Kb1 Nfe7 24. gxh5 Rxh5 25. Qg2 Nf5 26. Qg4 g6 27. Nxe6 Rxh4 28. Ng7+ Kf8 29. Rxh4 Qxd1+ 30. Bc1 Nxh4 31. Qxc8+ Kxg7 32. Qg4 Nf5 33. Qh3 Nxe5 34. f4 Nc4 35. Qg2 Nfe3 36. Qf2 Nf5 37. Qg2 Na5 38. Qd2 Qxd2 39. Bxd2 Nb3 40. Be1 Nxc5 41. Bf2 Nb3 42. Kc2 Kf6 43. c4 d4 44. Kd3 g5 45. fxg5+ Kxg5 46. c5 Nxc5+ 47. Kc4 Nb3 48. Kb4 Kg4 49. Kxa4 Kf3 50. Kxb3 Kxf2 51. Kc4 Ke2 52. b4 d3 53. a4 d2 54. Kb5 d1=Q 55. a5 Nd6+ 56. Kb6 Qd4+ 57. Kc7 Qxb4 58. Kb8 b5 59. a6 Qa5 60. Ka7 b4 61. Ka8 Qxa6+ 62. Kb8 Qb7# 0-1

[Event "4NCL Online Division 7"]
[Site "online"]
[Date "2021.02.23"]
[EventDate "2021.02.23"]
[Round "3.114"]
[White "Griffiths, Gabriela"]
[WhiteElo "1000"]
[WhiteTeam "Aberystwyth University 2"]
[Black "Burnton, Joshua"]
[BlackElo "1315"]
[BlackTeam "MHJ Bishops"]
[Result "0-1"]
[PlyCount "96"]

1. d4 f5 2. Nf3 Nf6 3. c4 e6 4. Nc3 c5 5. e3 b6 6. g3 Bb7 7. Bg2 Be7 8. O-O O-O 9. Bd2 Qe8 10. Nb5 Na6 11. Ne5 Bxg2 12. Kxg2 d6 13. Nf3 d5 14. cxd5 Qxb5 15. dxe6 Qc6 16. Qe2 Nc7 17. Rac1 Qxe6 18. dxc5 Bxc5 19. Ng5 Qd5+ 20. Nf3 Qxa2 21. Rc2 Ne4 22. Qc4+ Qxc4 23. Rxc4 g5 24. Bc3 b5 25. Rxc5 Nxc5 26. Nxg5 Ne4 27. Nf3 Nxc3 28. bxc3 Nd5 29. Rc1 Rac8 30. Nd4 Rxc3 31. Rxc3 Nxc3 32. Nc6 Rf6 33. Nxa7 Rb6 34. Nc8 Rb8 35. Ne7+ Kf7 36. Nxf5 b4 37. Nd6+ Ke6 38. Nc4 Nd1 39. Na5 b3 40. Nxb3 Rxb3 41. Kf3 Rb2 42. g4 Rxf2+ 43. Kg3 Rf6 44. Kh3 Nxe3 45. g5 Rf3+ 46. Kh4 Kf5 47. h3 Ng2+ 48. Kh5 Rxh3# 0-1